书目信息 |
| 题名: |
再思集
|
|
| 作者: | 黎澍 著 | |
| 分册: | ||
| 出版信息: | 北京 中国社会科学出版社 1985.02 |
|
| 页数: | 279页 | |
| 开本: | 20cm | |
| 丛书名: | ||
| 单 册: | ||
| 中图分类: | K03 | |
| 科图分类: | ||
| 主题词: | 史学--专题研究 | |
| 电子资源: | ||
| ISBN: | ||
| 000 | 00487nam0 2200193 45 | |
| 001 | 0312221749 | |
| 005 | 20050415113608.5 | |
| 010 | @dCNY1.65 | |
| 100 | @a20031222d1985 km y0chiy0120 ea | |
| 101 | @achi | |
| 105 | @a z 000yy | |
| 200 | 1 | @a再思集@AZai Si Ji@f黎澍著@FLi Shu Zhu |
| 210 | @a北京@c中国社会科学出版社@d1985.02 | |
| 215 | @a279页@d20cm | |
| 606 | 0 | @a史学@x专题研究 |
| 690 | @aK03@v3 | |
| 701 | 0 | @a黎澍@4著 |
| 801 | @aCN@bTSTCL@c20031222 | |
| 905 | @dK03@e29@b179203@f1 | |
| 再思集/黎澍著.-北京:中国社会科学出版社,1985.02 |
| 279页;20cm |
| ISBN :CNY1.65 |
| ● |
| 相关链接 |
|
|
|
|
正题名:再思集
索取号:K03/29
 
预约/预借
| 序号 | 登录号 | 条形码 | 馆藏地/架位号 | 状态 | 备注 |
| 1 | 0179201 | 001672577 | 密集书库/ [索取号:K03/29] | 在馆 | |
| 2 | 0179202 | 001419735 | 密集书库/ [索取号:K03/29] | 在馆 | |
| 3 | 0179203 | 001992918 | 密集书库/ [索取号:K03/29] | 在馆 | |
| 4 | 0179204 | 001746819 | 密集书库/ [索取号:K03/29] | 在馆 | |
| 5 | 0179205 | 001419762 | 第二借阅区/ [索取号:K03/29] | 在馆 |